000 01069njm a22002657a 4500
005 20100901115333.0
006 a|||||r|||||00| 0
007 sd ammalaaahaa
008 100901t xxu||||| |||| 00| 0 eng d
028 _aN 55166
_bHis Master's Voice
035 _aGR-01501
040 _aSED
_cSED
100 _aYusuf Azad Qawal
_917891
245 _aJadoo /
_cby Yusuf Azad Qawal ; music by Bulo C. Rani ; lyrices by Tabish Kanpuri
_h[Sound recording]
246 _aजादू / युसूफ आजाद कवल
260 _aDUM DUM, India
_bHis Master's Voice
_c1966
300 _a1 Sound disc [Gramophone Recording] :
_banalog, 33 1/3 rpm
_c9.5 in. (MP)
_fGramophone Record
500 _aBrief record
505 _aSide-1 बोतल से पिलाना था (Botal se pilana tha) ( Yusuf Azad Qawal)
650 _aClassical music
_xExcerpts
_zIndia
_917892
700 _aRani, Bulo C.
_918963
700 _aKanpuri, Tabish
_919099
942 _2ddc
_cGR
999 _c44741
_d44741